[Event "World-ch Tournament"]
[Site "Mexico City"]
[Date "2007.09.18"]
[Round "5"]
[White "Anand, Viswanathan"]
[Black "Svidler, Peter"]
[Result "1-0"]
[WhiteElo "2792"]
[BlackElo "2735"]
[Annotator "Marin,M"]
[PlyCount "77"]
[EventDate "2007.09.13"]
[EventType "tourn"]
[EventRounds "14"]
[EventCountry "MEX"]
[EventCategory "21"]
[SourceTitle "CBM 120"]
[Source "ChessBase"]
[SourceDate "2007.10.02"]
[SourceVersion "1"]
[SourceVersionDate "2007.10.02"]
[SourceQuality "1"]

1. e4 e5 2. Nf3 Nc6 3. Bb5 a6 4. Ba4 Nf6 5. O-O Be7 6. Re1 b5 7. Bb3 O-O 8. c3
d5 9. exd5 Nxd5 10. Nxe5 Nxe5 11. Rxe5 c6 {Earlier in this tournament, Svidler
managed to put the Marshall Attack under strong pressure in his game against
Leko. Now, he finds himself on the other side. Zuvor in diesem Turnier war es
Svidler in seiner Partie gegen Leko gelungen, den Marshall-Angriff unter
starken Druck zu setzen. Nun findet er sich auf der anderen Seite wieder. En
una ronda anterior de este mismo torneo, Svidler conseguió poner el Ataque
Marshall bajo fuerte presión en su partida contra Leko. Ahira, le toca
defender el punto de vista del otro bando...} 12. Re1 Bd6 13. g3 $5 {This was
one of Fischer's favourite move orders. White prevents the standard move ...
Qh4. Dies war eine der Lieblingszugfolgen Fischers. Weiß verhindert den
Standardzug ...Qh4. Este era un orden de jugadas preferido por Fischer. La
idea de la jugada es de prevenir la incursión de la dama enemiga a h4.} Bf5 ({
This move has been played before, but it remains an open question what Anand
could have prepared against Dieser Zug wurde auch schon zuvor gespielt, doch
es bleibt eine offene Frage, was Anand wohl gegen Esto sa había jugada antes,
pero queda abierta la pregunta que podía haber preparado Anand contra} 13...
Qd7 {followed by ...Qh3, with probable transposition to the main lines. nebst .
..Qh3 vorbereitet haben könnte, mit möglichem Übergang zu den Hauptabspielen.
seguído por ...Qh3, con transposición probable a las variantes principales.})
14. d4 Qd7 15. Be3 Rae8 16. Nd2 Bg4 17. Qc2 (17. Qb1 Bf5 18. Bc2 $6 {gives
Black a powerful attack after} Bxc2 19. Qxc2 f5 {Naiditsch,A (2654)-Gustafsson,
J (2588)/Dresden 2007/CBM 118/[Jan Gustafsson] (0-1, 25)}) 17... Bf5 18. Qc1
Re7 ({Svidler deviates from Svidler weicht ab von Svidler se desvía de} 18...
h5 {, which had been played by Anand himself! In Leko - Anand, Cap d'Agde 2003
Black won, but this was just a rapid game and Anand might have drawn his own
conclusions despite the favourable result. , was Anand selbst gespielt hatte!
In Leko - Anand, Cap d'Agde 2003, gewann Schwarz, doch war dies nur eine
Schnellpartie, und Anand hatte womöglich trotz des günstigen Ergebnisses seine
eigenen Schlussfolgerungen gezogen. , que fue jugada por el mismo Anand. En
Leko - Anand, Cap d'Agde 2003 las negras ganaron, pero esta fue solo una
partida a ritmo rápido y puede que Anand haya sacado sus proprías conclusiones
a pesar del desenlace final favorable.} 19. Nf3 Bg4 20. Nh4 Re6 21. Bd1 {
The exchange on g4 will improve Black's structure, justifying the move ...h5
and offering him attacking chances. Der Tausch auf g4 wird die Struktur von
Schwarz verbessern, den Zug ...h5 rechtfertigen und ihm Angriffschancen bieten.
} (21. Qd2 Rfe8 22. Qd3 $14 {[%cal Yb3c2,Ga2a4] , with similar play as in our
main game, deserves attention. mit ähnlichem Spiel wie in unserer Hauptpartie
verdient Aufmerksamkeit.}) 21... f5 22. Bxg4 hxg4 23. Bg5 f4 24. Qd2 Rfe8 25.
Rxe6 Qxe6 $44 {Leko,P (2722)-Anand,V (2766)/Cap d'Agde 2003/CBM 098/[Atlas,V] 
(0-1, 45)}) (18... Bd3 19. Nf3 Qf5 20. Qd1 (20. Nh4 $5) (20. Qd2 $5) 20... h6
21. Nh4 Qh7 22. Bd2 (22. Qd2 $5) 22... g5 23. Ng2 Qg6 24. a4 $14 {Iordachescu,
V (2606)-Aronian,L (2649)/Mainz 2003/CBM 095 ext (1/2-1/2, 54)}) (18... h6 19.
Nf1 $6 {The knight stands passively here. Hier steht der Springer passiv.} (19.
Nf3 $1 {as in our main game, should be preferred. wie in unserer Hauptpartie
ist vorzuziehen.}) 19... Bh3 20. Qd2 Qf5 21. Qd1 Qe4 22. f3 Qg6 23. Bxd5 cxd5
24. Qd2 Re6 25. a4 bxa4 26. Rxa4 Rfe8 $36 {Iordachescu,V (2633)-Vajda,L (2539)/
Budva 2004/CBM 102 ext (1/2-1/2, 42)}) (18... Re6 {This move eventually led to
a fascinating position, but only with White's kind cooperation. Dieser Zug
führte letztlich zu einer faszinierenden Stellung, doch nur unter freundlicher
Mithilfe von Weiß.} 19. Nf3 Bg4 20. Ng5 $6 ({Once again, Erneut ist} 20. Nh4 $1
{should be preferred. vorzuziehen.}) 20... Rg6 21. f3 $2 Bxf3 $3 {It is
curious that such an attacking player as Shabalov missed this combination. Es
ist kurios, dass ein derartiger Angriffskünstler wie Shabalov diese
Kombination ausließ.} 22. Nxf3 Bxg3 23. hxg3 Rxg3+ 24. Kf2 Qh3 $40 {Shabalov,A
(2608)-Aronian,L (2675)/Mallorca 2004/CBM 104 (0-1, 47)}) 19. Nf3 ({The first
new move of the game. Previously, Der erste neue Zug der Partie. Bislang wurde
La primera jugada nueva de la partida. Anteriormente se había jugado} 19. Nf1 {
was played. gespielt. (Almasi-Gyimesi, Kazincbarcika (Hungary) 2005). En vez
de colocar el caballo pasivamente en la primera línea, Anand utiliza su
caballo para poner cierta presión sobre el flanco de rey enemigo, lo que en la
partida causará algunas debilidades en el teritorío de las negras.} Rfe8 20.
Qd2 Bh3 21. Bc2 Bxf1 22. Rxf1 Nxe3 23. fxe3 Rxe3 24. Bb3 R3e7 25. Rae1 {
1/2-1/2 Almasi,Z (2628)-Gyimesi,Z (2595)/Kazincbarcika 2005/CBM 107. Rather
than placing it passively on the back rank, Anand uses his knight for putting
the enemy kingside under some pressure, which will eventually cause some
weaknesses in Black's camp. Statt seinen Springer passiv auf der Grundreihe zu
platzieren, setzt Anand ihn aktiv ein, um den feindlichen Königsflügel etwas
unter Druck zu setzen, was letztlich einige Schwächen im schwarzen Lager
verursachen wird.}) 19... Bg4 20. Nh4 Rfe8 21. Qd2 h6 22. Qd3 {Black exerts
his usual pressure against the e3-bishop, but White is fully developed and
retains his extra-pawn. Anand's opening experiment has been crowned with
success. Schwarz übt seinen üblichen Druck gegen den e3-Läufer aus, doch Weiß
ist voll entwickelt und behauptet seinen Mehrbauern. Anands
Eröffnungsexperiment ist von Erfolg gekrönt worden. Las negras ejercen su
típica presión sobre el alfil de e3, pero las blancas están plenamente
desarrolladas y mantienen el peón de ventaja. El experimento de apertura de
Anand fue coronado por éxito.} g6 23. Bd1 Bh3 $6 {Possibly underestimating the
next move. Unterschätzt womöglich den nächsten Zug.} ({Black should have
maintained some tension with Schwarz hätte eine gewisse Spannung
aufrechterhalten sollen mit} 23... h5 $5) 24. Bf3 $1 $14 {Finally, the
weakness on g2 is safely defended and White can think about active operations
on the opposite wing, where he has an extra-pawn. Endlich ist die Schwäche g2
sicher verteidigt, und Schwarz kann an aktive Operationen am anderen Flügel
denken, wo er einen Mehrbauern besitzt.} g5 {If not followed by a concrete
attacking action, this move will just leave the kingside desperately weak.
Falls nicht von einer konkreten Angriffsaktion gefolgt, wird dieser Zug nur
den Königsflügel hoffnungslos schwächen. Sí no será seguído por un plano
coherente de ataque, esta jugada dejará al flanco de rey desesperadamente
débil.} 25. Ng2 Bf5 26. Qd1 Nf6 {A clear sign that Black ran out of
constructive plans. Ein klares Zeichen, dass Schwarz die konstruktiven Pläne
ausgegangen sind.} 27. a4 {Since the e-file is under severe Black control,
Anand creates a queenside diversion. It is interesting that this will be just
a prelude to a... kingside attack, one of Mikhail Tal's favourite methods. Da
die e-Linie fest in schwarzer Hand ist, startet Anand eine Ablenkung am
Damenflügel. Interessanterweise wird dies nur den Auftakt zu einem ... Angriff
am Königsflügel darstellen, eine der Lieblingsmethoden Mikhail Tals. Dado que
la columna d e se encuentra bajo fuerte control de las negras, Anand inicia
una diversión en el flanco de dama. Es interesante que esta acción será solo
un preludio de un ataque sencillo en el flanco de...rey, un método favorito
del gran hechicero Mijail Tal.} Ne4 28. axb5 axb5 29. Ra6 Qb7 30. Qa1 Bc8 31.
Ra8 $16 Bb8 {[%csl Ga8][%cal Yb8a7]} 32. Bc1 $1 Nf6 (32... Ba7 $2 33. Rxc8 $1
$18 {[%csl Ga7,Ge4]}) 33. Rxe7 Rxe7 34. Qa3 Rd7 {[%cal Yb8a7]} 35. Ra5 Ba7 {
Black has managed to hold his own on the queenside, but his coordination is
rather poor. Schwarz hat es geschafft, sich am Damenflügel zu halten, doch
seine Koordination ist ziemlich schwach. Las negras resistieron bién en el
flanco de dama, pero su coordinación es muy pobre.} 36. Ne3 $1 {Black has no
adequate way to parry the simple threat Nf5. Schwarz hat keine ausreichende
Parade gegen die einfache Drohung Nf5. Las negras no tienen remedio adecuado
contra la amenaza sencilla Nf5.} Qc7 (36... Re7 37. Bxc6 $18) ({or oder o} 
36... Rc7 37. Qd6 $18 {are equally hopeless. sind gleichermaßen hoffnungslos.
serían igualmente malas.}) 37. Nf5 c5 38. Nxh6+ Kh7 39. Bxg5 1-0

[Event "World-ch Tournament"]
[Site "Mexico City"]
[Date "2007.09.23"]
[Round "9"]
[White "Anand, Viswanathan"]
[Black "Aronian, Levon"]
[Result "1/2-1/2"]
[WhiteElo "2792"]
[BlackElo "2750"]
[Annotator "Marin,M"]
[PlyCount "41"]
[EventDate "2007.09.13"]
[EventType "tourn"]
[EventRounds "14"]
[EventCountry "MEX"]
[EventCategory "21"]
[SourceTitle "CBM 120"]
[Source "ChessBase"]
[SourceDate "2007.10.02"]
[SourceVersion "1"]
[SourceVersionDate "2007.10.02"]
[SourceQuality "1"]

1. e4 e5 2. Nf3 Nc6 3. Bb5 a6 4. Ba4 Nf6 5. O-O Be7 6. Re1 b5 7. Bb3 O-O 8. c3
d5 9. exd5 Nxd5 10. Nxe5 Nxe5 11. Rxe5 c6 12. d4 Bd6 13. Re2 {We can notice
that for each game Anand prepares a different variation against the Marshall.
This might look like a speculative attitude, but maybe there is no other way
to counter such a well-analyzed opening. Podemos observar que Anand elige un
sistema diferente para cada partida en la cual se enfrenta con elAtaque
Marshall. Esta estratégia puede parecer un poco especulativa, pero tal vez es
el mejor método cuando se trata de una apertura tan profundamente analizada.}
Bg4 14. f3 Bf5 15. g3 $146 ({Earlier, White played Anteriormente, las blancas
habían jugado principalmente} 15. Bxd5 {mainly. The idea behind Anand's
novelty remains unclear, especially since the game will end soon. . La idea
detrás de la novedad de Anand quedará en oscuridad, porque la partida acabará
pronto en tablas.} cxd5 16. Nd2 Bd3 (16... b4 17. Nf1 bxc3 18. bxc3 Qc7 19. Re3
Rfc8 20. Bd2 Bg6 $13 {Todorovic,G (2415)-Pavlovic,M (2420)/Vrnjacka Banja 1990/
EXT 97 (0-1, 31)}) 17. Rf2 (17. Re3 Qh4 18. f4 Bf5 $44) 17... Qc7 (17... b4 $5
{Kotronias,V (2550)-Sokolov,I (2625)/Elenite 1992/CBM 032/[ChessBase] (0-1, 56)
}) 18. g3 Rae8 19. Nf1 Bg6 20. Ne3 Qd7 21. Nxd5 Bxg3 22. Nf6+ gxf6 23. hxg3 $16
{Georgiev,K (2595)-Nikolic,P (2630)/Wijk aan Zee 1988/CBM 005 (1-0, 39)}) 15...
Qc7 16. Kf2 {An ingenious move, but if a king move is necessary with the whole
queenside undeveloped, something must be wrong with White's whole plan.} ({
Continuing the development with the natural} 16. Nd2 {would lead to a forced
draw after} Bd3 17. Rf2 $8 (17. Re1 $2 Bxg3 $17 18. hxg3 $6 Qxg3+ 19. Kh1 Nf4
20. Rg1 Qh3#) (17. Rg2 $2 Ne3 $19) 17... Bxg3 18. hxg3 Ne3 19. Qe1 Qxg3+ 20.
Kh1 Qh4+ (20... Rae8 21. Qg1 $1 {[%cal Yf2h2,Gd2e4]}) 21. Kg1 Qg3+ $11 {
[%csl Ge1]}) ({The thematic} 16. a4 {is also insufficient:} Rae8 17. axb5 axb5
18. Nd2 Bxg3 19. hxg3 Qxg3+ 20. Rg2 Re1+ 21. Nf1 Qh4 22. Qd2 Rxf1+ 23. Kxf1
Qh1+ 24. Kf2 Re8 $1 $11 {I do not exclude the possiblity that Black could find
an improvement somewhere, but since a draw is guaranteed, it is OK from the
opening's point of view already.}) 16... Qd7 17. Bxd5 {This exchange is forced
now.} (17. Nd2 $2 {is bad because of} Bd3 18. Re1 Qh3 $40) 17... cxd5 18. Nd2
Bd3 19. Re3 Bg6 {Aronian is confident about his position and rightly so.} ({
He could have forced a draw here with} 19... Qh3 20. Kg1 (20. Rxd3 $2 {leads
to mate after} Qxh2+ 21. Kf1 Qh3+ $5 {although 21...Bxg3 does not look "bad"
either.}) 20... Bxg3 21. hxg3 Qxg3+ 22. Kh1 $11 {Black cannot play for more
than a perpetual with} Rae8 $6 23. Nf1 $8 Bxf1 24. Qxf1 Re6 25. Qg2 $1 $18) 20.
Nf1 a5 21. a3 {Black has the usual compensation, based on his pair of bishops
and more active position. Besides, the white king's position is weaker than in
the normal lines. Las negras tienen su acostumbrada compensación, por su
pareja de alfiles y la posición más activa.} 1/2-1/2